Evaluación de la sostenibilidad financiera de la Empresa Minera Huanuni frente a la deuda que mantiene la Empresa Metalúrgica Vinto, periodo 2007-2024 / (Registro nro. 16186)
[ vista simple ]
| 000 -LEADER | |
|---|---|
| campo de control de longitud fija | 01708nam a22002894aa4500 |
| 003 - IDENTIFICADOR DE NÚMERO DE CONTROL | |
| campo de control | BOFEUTO |
| 005 - FECHA Y HORA DE LA ÚLTIMA TRANSACCIÓN | |
| campo de control | 20260626154219.0 |
| 008 - DATOS DE LONGITUD FIJA--INFORMACIÓN GENERAL | |
| campo de control de longitud fija | 260611t2025 bo gr 000 f spa d |
| 040 ## - FUENTE DE CATALOGACIÓN | |
| Enlace | BOFEUTO |
| Centro catalogador/agencia de origen | BOFEUTO |
| Centro/agencia transcriptor | BOFEUTO |
| 041 ## - CÓDIGO DE IDIOMA | |
| Código de lengua del texto/banda sonora o título independiente | spa |
| 044 ## - CÓDIGO DEL PAÍS DE LA ENTIDAD EDITORA/PRODUCTORA | |
| Código MARC del país | bo |
| 082 ## - NÚMERO DE LA CLASIFICACIÓN DECIMAL DEWEY | |
| Número de clasificación | TE6328 |
| Número de ítem | B425e |
| 100 ## - ENTRADA PRINCIPAL--NOMBRE DE PERSONA | |
| Nombre de persona | Beltrán Rivera, Jhoely Niuzeth |
| Término indicativo de función/relación | autor |
| 245 ## - MENCIÓN DEL TÍTULO | |
| Título | Evaluación de la sostenibilidad financiera de la Empresa Minera Huanuni frente a la deuda que mantiene la Empresa Metalúrgica Vinto, periodo 2007-2024 / |
| Mención de responsabilidad, etc. | Jhoely Niuzeth Beltrán Rivera, Rubén Vladimir Villarroel Rivera |
| 260 ## - PUBLICACIÓN, DISTRIBUCIÓN, ETC. | |
| Lugar de publicación, distribución, etc. | Oruro : |
| Nombre del editor, distribuidor, etc. | s/n, |
| Fecha de publicación, distribución, etc. | 2025. |
| 300 ## - DESCRIPCIÓN FÍSICA | |
| Extensión | 205 hojas ; |
| Otras características físicas | ilus, gráf. ; |
| Dimensiones | 28.5 cm. |
| 500 ## - NOTA GENERAL | |
| Nota general | Incluye bibliografía, anexos. |
| 502 ## - NOTA DE TESIS | |
| Nota de tesis | Tesis Dirigida, (Licenciatura) -- Universidad Técnica de Oruro, Facultad de Ciencias Económicas, Financieras y Administrativas, Carrera Ingeniería Comercial, 2025. |
| 520 ## - RESUMEN, ETC. | |
| Sumario, etc. | La presente investigación evalúa la sostenibilidad financiera de la Empresa Minera Huanuni frente a la deuda que mantiene la Empresa Metalúrgica Vinto, la misma distorsiona su estructura operativa en un sector minero volátil y estratégico para el desarrollo nacional. Por tanto, la investigación tiene por objetivo evaluar las dimensiones financieras para discernir su influencia en la sostenibilidad global de la Empresa Minera Huanuni, mientras se propone estrategias de gestión financiera para mitigar esta deuda y fortalecer la posición económica de la empresa.<br/> |
| 650 ## - PUNTO DE ACCESO ADICIONAL DE MATERIA--TÉRMINO DE MATERIA | |
| Término de materia o nombre geográfico como elemento de entrada | Sostenibilidad Financiera |
| 653 ## - TÉRMINO DE INDIZACIÓN--NO CONTROLADO | |
| Término no controlado | Invetigación |
| 653 ## - TÉRMINO DE INDIZACIÓN--NO CONTROLADO | |
| Término no controlado | Financiera |
| 653 ## - TÉRMINO DE INDIZACIÓN--NO CONTROLADO | |
| Término no controlado | Deuda |
| 653 ## - TÉRMINO DE INDIZACIÓN--NO CONTROLADO | |
| Término no controlado | Económica |
| 700 ## - ENTRADA AGREGADA--NOMBRE PERSONAL | |
| Nombre de persona | Villarroel Rivera, Rubén Vladimir |
| Término indicativo de función/relación | tutor |
| 942 ## - ELEMENTOS DE ENTRADA SECUNDARIOS (KOHA) | |
| Fuente del sistema de clasificación o colocación | Clasificación Decimal Dewey |
| Tipo de ítem Koha | Tesis |
| Suprimir en OPAC | No |
| Estatus retirado | Estado de pérdida | Fuente del sistema de clasificación o colocación | Estado de daño | No para préstamo | Biblioteca de origen | Biblioteca actual | Ubicación en estantería | Fecha de adquisición | Número de inventario | Total de préstamos | Signatura topográfica completa | Código de barras | Visto por última vez | Copia número | Precio de reemplazo | Tipo de ítem Koha |
|---|---|---|---|---|---|---|---|---|---|---|---|---|---|---|---|---|
| No dañado | Disponible | Clasificación Decimal Dewey | No Dañado | Disponible | Biblioteca Central | Biblioteca Central | Tesis | 11/06/2026 | 6326 | TE6328/B425e | TE6328 | 26/06/2026 | Ej.1 | 26/06/2026 | Tesis |